Starts with D, Ends with N Quiz Stats

 Plays Quiz Updated Sep 15, 2016

Score 0/30 Timer 08:00
4 Plays Today
% Correct
dalmatian
96%
dolphin
95.7%
deafen
95.7%
drunken
95.6%
dawn
95.4%
demon
95.4%
discussion
95.3%
dampen
94.9%
dehydration
94.2%
deflation
94.2%
disruption
93.8%
dodecagon
93.7%
dragon
93.1%
division
93%
design
92.8%
% Correct
den
92.6%
dean
92.4%
drain
92.2%
detain
92.1%
dozen
91.9%
drown
91.2%
deacon
91.1%
disown
90.6%
drawn
89.4%
doubloon
89.4%
discern
88.3%
deadpan
88.3%
domain
87.2%
don
86.3%
darn
85.9%

You're not logged in!

Compare scores with friends on all Sporcle quizzes.
OR
Log In

You Might Also Like...

Show Comments

Extras

Top Quizzes Today


Score Distribution

Your Account Isn't Verified!

In order to create a playlist on Sporcle, you need to verify the email address you used during registration. Go to your Sporcle Settings to finish the process.

Report this User

Report this user for behavior that violates our Community Guidelines.

Details: